000 00596nam a2200229Ia 4500
003 OSt
005 20221005114304.0
006 a|||||r|||| 00| 0
007 ta
008 221004b |||||||| |||| 00| 0 mal d
024 _a58750
037 _cTextual
040 _aCRL
_cCRL
_bmal
041 _2mal
_amal
082 _aU87.292.N69, 32L0
100 _aIrumbayam P V George Au.
_9625713
245 0 _aArabikkadalilae Keralam
260 _c1970
650 _aTRAVEL
942 _hU87.292.N69, 32L0
_cTEXL
_2cc
999 _c1030845
_d1030845